01487nam a2200361Ia 4500001001200000003000800012006001900020007001500039008004100054010001700095020001500112020003400127040002100161035002100182050002400203082001900227245013700246260004400383300001400427490005500441504005100496533015200547650003800699650003300737651005300770655002900823700003000852700002700882710001700909830005600926856012600982999001701108ebr10054662CaPaEBRm u cr cn|||||||||990421s2000 enk sb 001 0 eng d z 99031059  z0203030265 z0415187265 (hc. : alk. paper) aCaPaEBRcCaPaEBR a(OCoLC)19193599514aDR48.6b.E96 2000eb04a949.6055/922100aExperimenting with democracyh[electronic resource] :bregime change in the Balkans /cedited by Geoffrey Pridham and Tom Gallagher. aLondon ;aNew York :bRoutledge,c2000. ax, 282 p.1 aRoutledge studies of societies in transition ;v13 aIncludes bibliographical references and index. aElectronic reproduction.bPalo Alto, Calif. :cebrary,d2009.nAvailable via World Wide Web.nAccess may be limited to ebrary affiliated libraries. 0aPost-communismzBalkan Peninsula. 0aDemocracyzBalkan Peninsula. 0aBalkan PeninsulaxPolitics and governmenty1989- 7aElectronic books.2local1 aPridham, Geoffrey,d1942-1 aGallagher, Tom,d1954-2 aebrary, Inc. 0aRoutledge studies of societies in transition ;v13.40uhttp://site.ebrary.com/lib/rucke/Doc?id=10054662zAn electronic book accessible through the World Wide Web; click to view c63516d63516